000 00879nam a2200241 i 4500
001 C2-0306648
003 PPAK
005 20180728092949.0
008 101202s1989 my |||| ||||| | may d
040 _aPPAK
_beng
_cPPAK
_erda
082 0 4 _a297.65
_223
090 0 0 _a297.65
_bNIK
_dKSA
100 0 _aNikmat bin Yusof,
_cUstaz
_eauthor
245 1 0 _aMasjid sebagai pusat pembangunan masyarakat Islam
264 1 _aAlor Setar, Kedah :
_bMajlis Agama Islam Negeri Kedah ,
_c1989
300 _a7 pages ;
_c28 cm
336 _2rdacontent
_atext
337 _2rdamedia
_aunmediated
338 _2rdacarrier
_avolume
500 _aTeks dalam tulisan jawi ; Kertas kerja di Seminar Pembangunan Masjid di Masjid Zahir Alor Setar pada 21.10.1989 ; Teks dalam tulisan Jawi.
650 1 0 _aMosques as community centers. ; Mosques - Organization and administration.
942 _ddc
_cB
999 _c109519
_d109519